| 000 | 00414nam a2200145Ia 4500 | ||
|---|---|---|---|
| 008 | 230917s9999||||xx |||||||||||||| ||und|| | ||
| 040 |
_e146095 _aMAIN |
||
| 041 | _aEnglish | ||
| 082 | _a303 B469S | ||
| 100 | _aBharat, Siksha tatha Samaj Kalyan Mantralaya | ||
| 245 | 0 | _aSamaj karya paribhasha kosh | |
| 260 |
_aNew Delhi _bBharat, Siksha tatha Samaj Kalyan Mantralaya _c1978 |
||
| 300 | _a180 p. | ||
| 942 | _cBK | ||
| 999 |
_c226390 _d226390 |
||